000 00543nam a22001937a 4500
003 OSt
005 20180116183105.0
008 170728b xxu||||| |||| 00| 0 eng d
020 _a9781259253768
040 _c0
082 _a658.049 BAR 2014
100 _aChristopher A. Bartlett, Paul W. Beamish
245 _aTransnational Management
_cChristopher A. Bartlett, Paul W. Beamish
250 _a7th Ed.
260 _aSingapore
_bMc Graw Hill
_c2014
300 _a710p.
_bpb
440 _aTransnational Management
942 _2ddc
_cBK
999 _c352016
_d352016